The 33 Strategies of War (Record no. 591215)
[ view plain ]
| 000 -LEADER | |
|---|---|
| fixed length control field | 00553nam a22001457a 4500 |
| 003 - CONTROL NUMBER IDENTIFIER | |
| control field | NUST |
| 005 - DATE AND TIME OF LATEST TRANSACTION | |
| control field | 20220818134639.0 |
| 020 ## - INTERNATIONAL STANDARD BOOK NUMBER | |
| International Standard Book Number | 81-309-0410-1 |
| 082 ## - DEWEY DECIMAL CLASSIFICATION NUMBER | |
| Classification number | 355, GRE |
| 245 ## - TITLE STATEMENT | |
| Title | The 33 Strategies of War |
| Statement of responsibility, etc. | Robert Greene |
| 260 ## - PUBLICATION, DISTRIBUTION, ETC. | |
| Place of publication, distribution, etc. | London |
| Name of publisher, distributor, etc. | Viva Books Pvt Ltd |
| Date of publication, distribution, etc. | 2006 |
| 300 ## - PHYSICAL DESCRIPTION | |
| Extent | xxii, 471: pages |
| 505 ## - FORMATTED CONTENTS NOTE | |
| Formatted contents note | Part 1: Self- Directed Warfare (Page-1), Part 2: Organization (team) warfare (Page-55), part 3: Defensive Warfare (Page-97), Part 4: Offensive Warfare (Page-147), Part 5: Unconventional (Dirty) Warfare (Page-229). |
| 942 ## - ADDED ENTRY ELEMENTS (KOHA) | |
| Source of classification or shelving scheme | |
| Koha item type | Book |
| Withdrawn status | Lost status | Source of classification or shelving scheme | Damaged status | Not for loan | Permanent Location | Current Location | Shelving location | Date acquired | Full call number | Barcode | Date last seen | Price effective from | Koha item type | Public note |
|---|---|---|---|---|---|---|---|---|---|---|---|---|---|---|
| Military College of Signals (MCS) | Military College of Signals (MCS) | General Stacks | 08/18/2022 | 355, GRE | MCS38529 | 08/18/2022 | 08/18/2022 | Book | Almirah Fresh No.44, Shelf No.4 |
